000 02501cam a2200409 i 4500
999 _c6059
_d6059
001 20476653
003 GZU
005 20210415103538.0
008 180427s2019 nyua b 001 0 eng
010 _a 2018020833
020 _a9781626236523
_q(hardcover)
035 _a(DNLM)101726267
040 _aDNLM/DLC
_cDLC
_erda
_dDLC
042 _apcc
050 0 0 _aRD539.8
_b.ADA 2011
245 0 0 _aBreast augmentation :
_bmcgraw-hill plastic surgery atlas /
_cWilliam P. Adams
250 _aSecond edition.
264 1 _aNew York :
_bMcGraw-Hill Medical,
_c[2011]
300 _axi, 118 pages :
_billustrations ;
_c29 cm
336 _atext
_2rdacontent
336 _astill image
_2rdacontent
337 _aunmediated
_2rdamedia
338 _avolume
_2rdacarrier
500 _aIncludes bibliographical references and index
501 _aCD -Rom
504 _aIncludes bibliographical references and index.
505 0 _aThe process of breast augmentation / William P. Adams Jr -- Patient education / William P. Adams Jr. and Christy Aguilar -- Tissue-based planning / William P. Adams Jr -- Three-dimensional imaging / Kevin H. Small and Jason Roostaeian -- Shaped versus round implants / Patrick Mallucci and Paulo Montemurro -- Biofilms and breast implants : how science guides us to do the best for our patients / W. Louis F. Wessels, Karen Vickery, and Anand K. Deva -- Dual-plane breast augmentation / William P. Adams Jr -- The inframammary approach and the dual-plane pocket / William P. Adams Jr -- The transaxillary approach / Louis L. Strock -- Periareolar mastopexy augmentation / Ruth Graf, Maria CecĂ­lia Closs Ono, and Priscilla Balbinot -- Infra-areolar zigzag augmentation mammaplasty / Ruth Graf, Priscilla Balbinot, and Daniele Tanuri Pace -- Breast augmentation with large volume fat grafting / Ran Y. Stark, Louis P. Bucky, and Daniel A. Del Vecchio -- Revision breast augmentation / Bradley P. Bengtson and Steven Teitelbaum -- Postoperative management / William P. Adams Jr. and Louis L. Strock.
650 1 2 _aMammaplasty
_xmethods
650 2 2 _aBreast
_xsurgery
655 2 _aAtlases
700 1 _aAdams, William P.,
_cJr.,
_eeditor.
700 1 _aAdams, William P.,
_cJr.
_t.
776 0 8 _iOnline version:
_tBreast augmentation video atlas
_bSecond edition.
_dNew York : Thieme, [2019]
_z9781626238626
_w(DLC) 2018021978
906 _a7
_bcbc
_corignew
_d1
_eecip
_f20
_gy-gencatlg
942 _2lcc
_cBK
_h539.8
_iADA
_kRD